000 00596cam a22001937i 4500
001 18733667
005 20250325024936.0
008 150807s2014 ce 000 1 eng
020 _a978951810221
040 _aDLC
_beng
_erda
_cDLC
_dDLC
082 _222
_a823
_bNEE
100 1 _aPon̲n̲aiyan̲, Nīrvai,
245 1 0 _aDevils and demons :
_ba collection of short stories /
_cNeervai Ponnaiyan ; translate by S. Rajasingam, A.J. Canagaratna.
250 _aFirst edition.
260 _aColombo
_bCeylon Progressive Art
_c2014
300 _a95 p., (C II)
500 _aShort stories.
942 _cL
999 _c5932
_d5932